Per Wästberg (1933), prozaik, esejista básnik ...

Podrobná bibliografia
Hlavný autor: Richter, Milan, 1948- (Autor)
Médium: Článok
Jazyk:slovenčina
Predmet:

MARC

LEADER 00000nab a2200000 a 4500
001 vtls000869345
003 SK-MaSNL
005 20260304121038.0
008 250429c2004 xo 0 slo
015 |a SNBRB2004/04-11773 
035 |a CLN000220897 
035 |a urn:nbn:sk:snk-abbxbv 
035 |a (urnnbn)urn:nbn:sk:snk:ar-004aa5 
035 |a (uuid)06ac7151-55ce-4356-bef2-f7e4c1eb75b8 
040 |a SNKBUCL  |b slo  |c SNKBUCL  |e AACR2 
041 0 |a slo 
044 |a xo  |c SK 
080 |a 82:929:821.113.6  |2 1997 
080 |a 821.113.6:929  |2 1997 
080 |a 929 Wästberg, Per  |2 1997 
100 1 |a Richter, Milan,  |d 1948-  |4 aut  |9 92608 
245 1 0 |a Per Wästberg (1933), prozaik, esejista básnik ...  |c Milan Richter 
600 1 7 |a Wästberg, Per  |d 1933-  |2 snkbucl  |9 537903 
655 7 |a články z novín a časopisov  |2 snkbucl  |9 267496 
773 0 |t Revue svetovej literatúry  |g Roč. 40, č. 1 (2004), s. 28-29 
850 |a Slovenská národná knižnica 
852 |a Slovenská národná knižnica 
958 |a article15 
958 |a BC 
958 |a LX 
958 |a SE 
958 |a OND 
958 |a EUIPO 
992 |a RBX 
999 |c 2883151  |d 2885081